000 00842nam a2200253Ia 4500
003 OSt
005 20221005113400.0
006 a|||||r|||| 00| 0
007 ta
008 221004b |||||||| |||| 00| 0 urd d
020 _c125
024 _a15656
037 _b877, 18/08/2014, H.K. Prakashan
_cTextual
040 _aCRL
_cCRL
_burd
041 _2urd
_aurd
082 _aO153,1NTIx, 168P4
100 _aਤਿਰਮਗ਼ੀ, ਮਗ਼੍ਹਰ
245 0 _aਦੂਜਾ ਹੱਥ ਸਵਾਲੀ
260 _aਲਾਹੌਰ
_bਸੁਚੇਤ ਕਿਤਾਬ ਘਰ
_c2004
300 _a140ਪੰ
_ccm.
650 _aਪੰਜਾਬੀ ਸਾਹਿਤ
942 _hO153,1NTIx, 168P4
_cTEXL
_2cc
999 _c1027995
_d1027995